Sabrina Carpenter - Paroles Fast Times - Statistiques

Statistiques générales
  • Ce quiz a été pris 17 fois
  • Le résultat moyen est 182 sur 274
Statistiques - réponses
Hint Réponse % Correct
a
100%
fast
100%
Fast
100%
I
100%
it
100%
time
100%
times
100%
to
100%
an
92%
and
92%
for
92%
forget
92%
me
92%
we
92%
couldn't
85%
Give
85%
nights,
85%
are
77%
meant
77%
be
69%
help
69%
No
69%
really
69%
second
69%
the
69%
too
69%
yeah
69%
ever
62%
like
62%
sides,
62%
so
62%
you,
62%
you
62%
bed
54%
on
54%
these
54%
Refrain These
54%
Bridge These,
54%
what
54%
But
46%
soon
46%
"Baby"
38%
blinds,
38%
call
38%
can
38%
Couple
38%
fuck
38%
in
38%
in,
38%
is
38%
Couplet 2 My
38%
patience?
38%
up
38%
us
38%
cadence
31%
Closed
31%
closed
31%
days
31%
eyes
31%
looks
31%
perfect
31%
rewrites,
31%
Sky
31%
speak
31%
such
31%
Couplet 1 Sun's
31%
taste
31%
all
23%
daylight
23%
emotions
23%
many
23%
purple,
23%
savings
23%
stages
23%
used
23%
congregating
15%
feelings
15%
Mixed
15%
Outlines
15%
past
15%
Picturing
15%
places
15%
stories
15%
Ahead
8%
myself's
8%
of
8%
serrated
8%
understatement
8%
contemplating
0%
here
0%
Three
0%
Tiptoeing
0%
Aucun quiz correspondant
Distribution des résultats
% des personnes avec chaque résultat
Percentile par nombre de réponses
Votre historique - résultats
Vous n’avez pas pris ce quiz